Marriage (Record no. 3536)
[ view plain ]
| 000 -LEADER | |
|---|---|
| fixed length control field | 00646nam a22002417a 4500 |
| 003 - CONTROL NUMBER IDENTIFIER | |
| control field | LK-CoMWRAF |
| 005 - DATE AND TIME OF LATEST TRANSACTION | |
| control field | 20230910215758.0 |
| 008 - FIXED-LENGTH DATA ELEMENTS--GENERAL INFORMATION | |
| fixed length control field | 230910b2000 |||||||| |||| 00| 0 eng d |
| 020 ## - INTERNATIONAL STANDARD BOOK NUMBER | |
| International Standard Book Number | 9556250115 |
| 040 ## - CATALOGING SOURCE | |
| Original cataloging agency | LK-CoMWRAF |
| Modifying agency | LK-CoMWRAF |
| Description conventions | LK-CoMWRAF |
| 041 ## - LANGUAGE CODE | |
| Language code of text/sound track or separate title | English |
| 082 ## - DEWEY DECIMAL CLASSIFICATION NUMBER | |
| Classification number | 306.81 |
| Item number | KOD |
| 942 ## - ADDED ENTRY ELEMENTS (KOHA) | |
| Koha item type | Books |
| 100 ## - MAIN ENTRY--PERSONAL NAME | |
| Personal name | Kodikara, Chulani |
| 110 ## - MAIN ENTRY--CORPORATE NAME | |
| Corporate name or jurisdiction name as entry element | Zackariya, Faizun |
| 700 ## - ADDED ENTRY--PERSONAL NAME | |
| Personal name | Samanthi, Janaki |
| Relator Term | illustrator |
| 700 ## - ADDED ENTRY--PERSONAL NAME | |
| Personal name | Manuji, Tania |
| Relator Term | illustrator |
| 245 ## - TITLE STATEMENT | |
| Title | Marriage |
| 260 ## - PUBLICATION, DISTRIBUTION, ETC. (IMPRINT) | |
| Place of publication, distribution, etc. | Colombo : |
| Name of publisher, distributor, etc. | Muslim woman's research and action forum |
| Date of publication, distribution, etc. | 2000 |
| 300 ## - PHYSICAL DESCRIPTION | |
| Extent | 18 P. ; 32cm |
| 490 ## - SERIES STATEMENT | |
| Series statement | Legal literacy booklet no.1 |
| 650 ## - SUBJECT ADDED ENTRY--TOPICAL TERM | |
| Topical term or geographic name as entry element | Marriage |
| Withdrawn status | Lost status | Damaged status | Not for loan | Collection code | Permanent Location | Current Location | Date acquired | Full call number | Barcode | Koha item type |
|---|---|---|---|---|---|---|---|---|---|---|
| MWRAF Publications | Resource center, Muslim Women's Research And Action Forum | Resource center, Muslim Women's Research And Action Forum | 2023-09-10 | 306.81 KOD | RAF1034 | Books | ||||
| MWRAF Publications | Resource center, Muslim Women's Research And Action Forum | Resource center, Muslim Women's Research And Action Forum | 2023-10-31 | 306.81 KOD | RAF2565 | Books | ||||
| MWRAF Publications | Resource center, Muslim Women's Research And Action Forum | Resource center, Muslim Women's Research And Action Forum | 2023-10-31 | 306.81 KOD | RAF2566 | Books |

